000 00917cam a2200193 4500
001 WB3921-04
008 030603n2003 000 0 eng u
035 _a(Sirsi) u122504
245 _aUK hotel markets strong
260 _c2003
490 _aJones Lang LaSalle Press Release
_v(NR1229) 15 May 2003 (3)
520 _aRecent research for Jones Lang LaSalle shows UK hotel markets are outperforming their European counterparts, with Birmingham, Cardiff and Edinburgh among only seven cities which showed growth in room yield. These results reflect an upturn in tourism since the foot-and-mouth disease epidemic and a boom in budget airlines. Further information is available from Karen Astbury t +44 (0)20 7399 5675. http://www.joneslanglasalle.co.uk/.
590 _aWB
650 _aHOTEL PERFORMANCE
650 _aTOURISM
650 _aHOTEL MARKET
690 _aPROPERTY-COMMERCIAL PROPERTY
942 _n0
999 _c72807
_d72807